000 01223cam a2200277 i 4500
003 SA-RiAUC
005 20251022073318.0
008 251020s1995 le g 000 0dara c
040 _aSA-RiAUC
_bara
_cSA-RiAUC
_erda
082 0 4 _a240
_qSA-RiAUC
090 _a240
_bف ر ي
100 1 _aفريجة، محمد
_eمؤلف.
245 1 2 _aالأصول المنهجية للعقيدة السلفية مع مقارنة شاملة بين منهج الإمام الأشعري ومنهج الإمام ابن تيمية /
_cمحمد فريجة.
250 _aالطبعة الأولى.
264 1 _aبيروت :
_bالمكتب الإسلامي،
_c1995
300 _a280 صفحة ؛
_c19 سم
336 _aنص
_btxt
_2rdacontent
_3كتاب
337 _aبدون وسيط
_bn
_2rdamedia
338 _aمجلد
_bnc
_2rdacarrier
600 1 7 _aابن تيمية، أحمد بن عبد الحليم بن عبد السلام،
_d661-728 هجري
_2aucnm
600 1 7 _aأبو الحسن الأشعري، علي بن إسماعيل بن إسحاق،
_d260-324 هجري
_2aucnm
650 7 _aالسلفية
_2aucsh
650 7 _aعلم الكلام
_2aucsh
942 _2ddc
_cBOOK
_n0
949 _aSA-JeALM
_d251020
_umohamedma123
_n1
999 _c12688
_d12688